000 00561nam a2200193 a 4500
001 1759494839428
003 ACL
005 20251003180558.0
008 251003s2006##################000#0#eng##
020 _a9780819462558
082 0 4 _a621.367
_bTON
100 1 _aTong, Qingxi,
_eauthor.
245 1 0 _aRemote Sensing and Space Technology for Multidisciplinary Research and Applications :
260 _bSPIE-International Society for Optical Engineering,
_c2006.
300 _a258 pages
650 0 _aScience.
942 _cENGLISH
040 _aACL
_beng
_cACL
999 _c590676
_d590676